Nutritional value of babassu cake as a replacement for roughage in sheep feed (Registro n. 86583)
[ somente texto ]
| 000 -LÍDER | |
|---|---|
| fixed length control field | 04613nab a2200337 i 4500 |
| 003 - CÓDIGO MARC DA AGÊNCIA CATALOGADORA | |
| Campo de controle | BR-BrBNA |
| 005 - DATA E HORA DA ÚLTIMA ATUALIZAÇÃO | |
| Campo de controle | 20231215112838.0 |
| 008 - CAMPO DE TAMANHO FIXO | |
| fixed length control field | 231027b2020 bl.qr|pooa||| 00| 0 eng | |
| 040 ## - FONTE DA CATALOGAÇÃO | |
| Agência catalogadora | BR-BrBNA |
| Idioma da catalogação | eng |
| 072 ## - CATEGORIA AGRIS | |
| Código AGRIS | L02 |
| Código do objeto | 5240 |
| 072 ## - CATEGORIA AGRIS | |
| Código AGRIS | L51 |
| 100 ## - ENTRADA PRINCIPAL - NOME PESSOAL | |
| Nome pessoal | Castro, Kélvia Jácome de |
| 100 ## - ENTRADA PRINCIPAL - NOME PESSOAL | |
| Nome pessoal | Neiva, José Neuman Miranda |
| 100 ## - ENTRADA PRINCIPAL - NOME PESSOAL | |
| Nome pessoal | Borges, Iran |
| 100 ## - ENTRADA PRINCIPAL - NOME PESSOAL | |
| Nome pessoal | Miotto, Fabrícia Rocha Chave |
| 100 ## - ENTRADA PRINCIPAL - NOME PESSOAL | |
| Nome pessoal | Gomes, Silas Primola |
| 100 ## - ENTRADA PRINCIPAL - NOME PESSOAL | |
| Nome pessoal | Pimentel, Patrícia Guimarães |
| 245 ## - TÍTULO PRINCIPAL | |
| Título principal | Nutritional value of babassu cake as a replacement for roughage in sheep feed |
| 500 ## - NOTA GERAL | |
| Nota geral | Publicação on-line; 23 ref.; 6 tables; Summaries (En, Pt) |
| 942 ## - ADDED ENTRY ELEMENTS (KOHA) | |
| Koha item type | |
| 520 ## - NOTA DE RESUMO | |
| Nota de conteúdo | <br/><br/><br/>ABSTRACT - The use of agro-industrial by-products in feeding ruminants has nutritional, environmental and economic<br/>advantages, and helps to sustain the production system. The aim of this study was to evaluate the nutritional value of diets<br/>containing babassu cake as a substitute for Tifton-85 hay (70, 140, 210, 280 and 350 g kg-1 dry matter: DM). Twenty-five castrated<br/>male sheep with a mean body weight of 49.6 ± 9.4 kg were used, distributed in metabolic cages in a completely randomised<br/>design. Voluntary intake was obtained from the difference between the amount of feed provided and the leftovers the following<br/>morning. To evaluate nutrient digestibility and nitrogen (N) balance, samples of urine and faeces were collected separately.<br/>There was no effect on DM intake; however, crude protein (CP) and ether extract intake increased linearly increased linearly.<br/>The addition of babassu cake had no effect on DM digestibility (mean value of 604.6 ± 272.8 g kg-1). Apparent CP digestibility<br/>and total digestible nutrient content showed increasing linear behaviour, while the digestibility of acid detergent fibre decreased<br/>linearly. The level of retained N varied from 9.72 ± 1.12 to 15.51 ± 1.84 g day-1 with the ratio to ingested N ranging from 521.0<br/>± 26.7 to 578.4 ± 31.8 g kg-1 N. The addition of babassu cake to replace the roughage, increased the nutritional value of the diet.<br/>Babassu cake can be included up to a total of 350 g kg-1 DM in the diet as a substitute for Tifton-85 hay.<br/><br/><br/>Key words: Alternative feed. Nitrogen balance. Coefficient of digestibility. Intake. Agro-industrial by-product |
| 520 ## - NOTA DE RESUMO | |
| Nota de conteúdo | <br/><br/><br/>RESUMO - A utilização de subprodutos agroindustriais na alimentação de ruminantes apresenta vantagens nutricionais,<br/>ambientais e econômicas, contribuindo para a sustentabilidade do sistema de produção. Assim, objetivou-se avaliar o valor<br/>nutritivo de dietas contendo torta de babaçu em substituição ao feno de Tifton-85 (70; 140; 210; 280 e 350 g kg-1 de matéria<br/>seca; MS). Foram utilizados 25 ovinos machos castrados, com peso corporal médio de 49,6 ± 9,4 kg, alocados em gaiolas<br/>metabólicas em delineamento inteiramente casualizado. O consumo voluntário foi obtido pela subtração da quantidade de<br/>alimento fornecido pela sobra pesada na manhã seguinte. Para avaliação da digestibilidade dos nutrientes e balanço de nitrogênio<br/>(N), amostras de urina e fezes foram coletadas separadamente. O consumo de MS não foi influenciado, contudo o consumo<br/>de proteína bruta (PB) e extrato etéreo aumentaram linearmente. A inclusão da torta de babaçu não afetou a digestibilidade da<br/>MS (média de 604,6 ± 272,8 g kg-1). A digestibilidade aparente da PB e os teores de nutrientes digestíveis totais apresentaram<br/>comportamento linear crescente, enquanto a digestibilidade da fibra em detergente ácido decresceu linearmente. O teor de N<br/>retido variou de 9,72 ± 1,12 a 15,51 ± 1,84 g dia-1 e sua relação com o N ingerido variou entre 521,0 ± 26,7 e 578,4 ± 31,8 g kg-1<br/>de N. A inclusão da torta de babaçu, em substituição ao volumoso, incrementou o valor nutritivo da dieta, podendo ser incluída<br/>em até 350 g kg-1 da MS na dieta, em substituição ao feno de Tifton-85.<br/><br/><br/>Palavras-chave: Alimentos alternativos. Balanço de Nitrogênio. Coeficiente de digestibilidade. Consumo. Subproduto agroindustrial. |
| 650 ## - ASSUNTO - THESAGRO | |
| Cabeçalho tópico ou nome geográfico | OVINO |
| 650 ## - ASSUNTO - THESAGRO | |
| Cabeçalho tópico ou nome geográfico | DIETA |
| 650 ## - ASSUNTO - THESAGRO | |
| Cabeçalho tópico ou nome geográfico | ALIMENTO ALTERNATIVO |
| 650 ## - ASSUNTO - THESAGRO | |
| Cabeçalho tópico ou nome geográfico | DIGESTIBILIDADE |
| 650 ## - ASSUNTO - THESAGRO | |
| Cabeçalho tópico ou nome geográfico | VALOR NUTRITIVO |
| 773 0# - ENTRADA ANALÍTICA | |
| Host Biblionumber | 4290 |
| Registro do item | 25562 |
| Imprenta | Fortaleza-CE Universidade Federal do Ceará. Centro de Ciências Agrárias 2002 |
| Outro identificador | 2023-436128 |
| Título | Revista Ciência Agronômica (Brazil) |
| ISSN | 0045-6888; 1806-6690 (on-line) |
| Colação | v. 51(3); p. 1-9; (2020) |
| Número de controle de registro | BR20231132 |
| 856 ## - ACESSO E ENDEREÇO ELETRÔNICO | |
| Identificador uniforme de recurso - URI | https://www.scielo.br/j/rca/a/WGjWF3CkS7ZjdZ4JZkcF7tM/?format=pdf&lang=en |
Nenhum exemplar disponível.

BINAGRI